108 investment mantras / (Record no. 163793)

MARC details
000 -LEADER
fixed length control field 00509nam a22001817a 4500
005 - DATE AND TIME OF LATEST TRANSACTION
control field 20190501114959.0
010 ## - LCCN (DPL NO)
LC control number ENG-125115
020 ## - INTERNATIONAL STANDARD BOOK NUMBER
International Standard Book Number 9789381382103
Terms of availability 400.00
035 ## - SYSTEM CONTROL NUMBER
System control number EN-108647
037 ## - SOURCE OF ACQUISITION
Source of stock number/acquisition DBAD/PUB
082 ## - DEWEY DECIMAL CLASSIFICATION NUMBER
Classification number 332.024
100 ## - MAIN ENTRY--PERSONAL NAME
Personal name Lakhotio, Subhash
245 ## - TITLE STATEMENT
Title 108 investment mantras /
Statement of responsibility, etc by Subhash Lakhotio
260 ## - PUBLICATION, DISTRIBUTION, ETC. (IMPRINT)
Place of publication, distribution, etc Noida
Name of publisher, distributor, etc Amrit Books
Date of publication, distribution, etc 2011
270 ## - ADDRESS
Address Plot No-231, Sector-15A
City Noida
Postal code 201301
300 ## - PHYSICAL DESCRIPTION
Extent 167p.
Dimensions 22cm(Hb)
942 ## - ADDED ENTRY ELEMENTS (KOHA)
Source of classification or shelving scheme Dewey Decimal Classification
Item type English Books
Classification part 332.024
Call number suffix LAK
Holdings
Withdrawn status Lost status Not for loan Collection code Home library Current library Date acquired Source of acquisition Cost, normal purchase price Full call number Barcode Copy number Cost, replacement price Koha item type
      Non-fiction Shahdara Branch Shahdara Branch 01/05/2019 DBAD/PUB 400.00 332.024 LAK EN-108647 1 400.00 English Books

© Delhi Public Library
Hit Counter
free hit counter